01783cam a2200349 a 45000010008000000030004000080050017000120080041000290100017000700200041000870200041001280200047001690200047002160400018002630500026002810820020003072450369003272500028006962600094007243000026008185000177008445040051010216500035010727000028011077000036011357100051011717100034012229060045012569420012013019990015013139520105013281965078OSt20230620121745.0880609s1988 onc b 001 0 eng  a 88019349  a0838933602 (ALA : pbk. : alk. paper) a0838933467 (ALA : hard : alk. paper) z0878933610 (ALA : loose-leaf : alk. paper) z0838933610 (ALA : loose-leaf : alk. paper) aDLCcDLCdDLC00aZ694.15.A56bA53 198800a025.32219bANG00aAnglo-American cataloguing rules cprepared under the direction of the Joint Steering Committee for Revision of AACR, a committee of the American Library Association, the Australian Committee on Cataloguing, the British Library, the Canadian Committee on Cataloguing, the Library Association, the Library of Congress ; edited by Michael Gorman and Paul W. Winkler. a2nd ed., 1988 revision. aOttawa :bCanadian Library Association ;aChicago :bAmerican Library Association,c1988. axxv, 677 p. ;c26 cm. aFirst ed. published (1967) in two versions under the following titles: Anglo-American cataloging rules. North American text; Anglo-American cataloguing rules. British text. aIncludes bibliographical references and index. 0aDescriptive catalogingxRules.1 aGorman, Michael,d1941-1 aWinkler, Paul W.q(Paul Walter)2 aJoint Steering Committee for Revision of AACR.2 aAmerican Library Association. a7bcbccorignewd1eocipf19gy-gencatlg 2ddccBK c1701d1701 00102ddc40708REFa001b001cREFd2023-06-20l0o025.32 ANGp10008158r2023-06-20w2023-06-20yBK